header

Medical imaging (Record no. 32125)

MARC details
000 -LEADER
fixed length control field 02755nam a2200361 a 4500
082 04 - DEWEY DECIMAL CLASSIFICATION NUMBER
Classification number 616.07/54
100 1# - MAIN ENTRY--AUTHOR NAME
Personal name Wolbarst, Anthony B.
245 10 - TITLE STATEMENT
Title Medical imaging
260 ## - PUBLICATION, DISTRIBUTION, ETC. (IMPRINT)
Place of publication Chichester, West Sussex [U.K.] :
Name of publisher Wiley/Blackwell,
Year of publication 2013.
300 ## - PHYSICAL DESCRIPTION
Number of Pages xxii, 411 p. :
Other physical details ill.
505 0# - FORMATTED CONTENTS NOTE
Formatted contents note Sketches of the standard imaging modalities : different ways of creating visible contrast among tissues -- Image quality and dose : what constitutes a "good" medical image? -- The creation of two-dimensional x-ray projection maps (shadowgrams) of the body : differential attenuation of x-rays by tissues -- 20th century (analog) radiography and fluoroscopy : capturing the x-ray shadow with a film cassette or with an image intensifier tube plus electronic optical camera combination -- Radiation dose and radiogenic risk : ionization-induced damage to DNA can cause stochastic, deterministic, and teratogenic health effects and how to prevent them -- 21st century (digital) imaging : computer-based representation, acquisition, processing, storage, transmission, and analysis of images -- Digital planar imaging : replacing film and image intensifiers with solid state, electronic image receptors -- Computed tomography : superior contrast in three-dimensional x-ray attenuation maps -- Nuclear medicine : contrast from differential uptake of a radiopharmaceutical by tissues -- Diagnostic ultrasound : contrast from differences in elasticity or density across tissue interfaces -- MRI in one dimension and without relaxation : a gentle approach to a challenging subject -- MRI with T1 and T2 relaxation and in three dimensions -- Evolving and experimental modalities.
650 #0 - SUBJECT ADDED ENTRY--TOPICAL TERM
Topical Term Diagnostic imaging.
Topical Term Imaging systems in medicine.
700 1# - ADDED ENTRY--PERSONAL NAME
Personal name Capasso, Patrizio.
Personal name Wyant, Andrew R.
856 40 - ELECTRONIC LOCATION AND ACCESS
Uniform Resource Identifier http://site.ebrary.com/lib/rucke/Doc?id=10682378

No items available.

© 2026 Rongo University
Contact us: librarian | system librarian | Rongo university